Villes avec plus de 10 millions d'habitants -mort subite - Statistiques

Statistiques générales
  • Ce quiz a été pris 120 fois
    70 depuis la dernière actualisation
  • Le résultat moyen est 4 sur 16
Answers on the Grid
Answers color-coded by a green-red scale on the quiz's grid according to % correct below.
Séoul
Istanbul
Madrid
Cancun
Washington
Karachi
New Delhi
Bangalore
Bangkok
Paris
Sidney
Toronto
Brasilia
Sao paulo
Mexico
Rome
Johanesbourg
Kinshasa
Nagoya
Bali
Lima
Caracas
Shenzen
Wuhan
Shanghai
Tokyo
Le Caire
Hokaido
Dubai
Montreal
Hong-kong
Bogotà
 
Statistiques - réponses
Réponse % Correct
Le Caire
50%
Tokyo
50%
Istanbul
43%
Mexico
36%
Shanghai
29%
Bangkok
21%
Paris
21%
Sao paulo
21%
Séoul
21%
Lima
14%
Wuhan
14%
Bangalore
7%
Bogotà
7%
Johanesbourg
7%
Kinshasa
7%
Karachi
0%
Aucun quiz correspondant
Distribution des résultats
% des personnes avec chaque résultat
Percentile par nombre de réponses
Votre historique - résultats
Vous n’avez pas pris ce quiz depuis la dernière actualisation